000 00356nam a2200133Ia 4500
005 20260326100045.0
008 260326s9999||||xx |||||||||||||| ||und||
100 _aRegueras, Fernando
245 0 _aLa Arquitectura Mozárabe en León y Castlla /
_cFernando Regueras
260 _bEuropa
300 _a127 p.
650 _aARQUITECTURA ISLÁMICA
942 _cBK
999 _c7157
_d7157